000 00670nam a2200241Ia 4500
003 OSt
005 20221007071252.0
006 a|||||r|||| 00| 0
007 ta
008 221006b |||||||| |||| 00| 0 eng d
024 _a14,381
037 _cTextual
040 _aFLL
_cFLL
_beng
041 _2eng
_aeng
082 _aX:5:Z3y7, H0
100 _aChorley R.S.T.
_9346186
245 0 _aChorley & tucker's leading cases on mercantile law
250 _a2nd
260 _aLondon
_bButterworth & Co. (Publishers), Ltd. London
_c1940
300 _axxvii,353p
_ccm.
942 _hX:5:Z3y7, H0
_cTEXL
_2CC
999 _c1142898
_d1142898